Even More Movie Questions - Statistics

General Stats
  • This quiz has been taken 21 times
  • The average score is 18 of 36
Answer Stats
Hint Answer % Correct
Are you telling me you built a time machine, out of a DeLorean? Back to the Future
92%
Are you not entertained? Gladiator
83%
Snakes. Why'd it have to be snakes? Raiders of the Lost Ark
83%
Surely you can't be serious? Airplane!
75%
You ever dance with the devil in the pale moonlight? Batman
75%
Dude, where's my car? Dude, Where's My Car
75%
Wherefore art thou Romeo? Romeo and Juliet
75%
Do you like scary movies? Scream
75%
Magic mirror on the wall, who is the fairest one of all? Snow White and the Seven Dwarfs
75%
What are we some kind of Suicide Squad? Suicide Squad
75%
Why so serious? The Dark Knight
75%
Do I feel lucky? Dirty Harry
67%
What's in the box? Se7en
67%
Mrs. Robinson you're trying to seduce me, aren't you? The Graduate
67%
Col. Jessep, did you order the code red? A Few Good Men
58%
How am I funny? Goodfellas
58%
Just what do you think you're doing Dave? 2001: A Space Odyssey
50%
English motherfucker do you speak it? Pulp Fiction
50%
You talkin' to me? Taxi Driver
50%
Do you know what happens when a toad gets struck by lightning? X Men
50%
But why male models? Zoolander
50%
Why did you say that name? Batman v Superman: Dawn of Justice
42%
How do you like them apples? Good Will Hunting
42%
How do you shoot the devil in the back? What if you miss? The Usual Suspects
42%
Who throws a shoe, honestly? Austin Powers: International Man of Mystery
33%
When did the Mongols rule China? Bill & Ted's Excellent Adventure
33%
Do you expect me to talk? Goldfinger
33%
Was it over when the Germans bombed Pearl Harbor? National Lampoon's Animal House
33%
What's the most you ever lost on a coin toss? No Country for Old Men
25%
Exqueeze me? Baking powder? Wayne's World
25%
How many husbands have you had? Clue
17%
What are you waiting for? I Know What You Did Last Summer
17%
Am I not turtley enough for the Turtle Club? Master of Disguise
17%
What is the flight speed of an unladen swallow? Monty Python and the Holy Grail
17%
What if C-A-T really spelled dog? Revenge of the Nerds II: Nerds in Paradise
17%
Would you say I have a plethora of piñatas? The Three Amigos
17%
No matching quizzes found
Score Distribution
Percent of People with Each Score
Percentile by Number Answered
Your Score History
You have not taken this quiz